000 00521nam a2200205Ia 4500
005 20240823045540.0
008 240823s9999||||xx |||||||||||||| ||und||
020 _a0-149-563052-1
041 _aENGLISH
082 _A424 P2
100 _aInthira S R
245 0 _aEnrich Your English Book I: Communication Skills
250 _a1st
260 _c2002
_bOxford University
500 _aTRANSFERED
650 _aAcademic Skills
_bSoftware Engineering
700 _a Saraswathi v
942 _cBK
999 _c215214
_d215214